000
00205 a2200109 4500
020
_a
9788466214223
041
_a
spa
100
_a
Anonimo
245
_a
Aprendo los contrarios
942
_c
BK
952
_7
1
999
_c
21891
_d
21891